| 000 | 00912nam a2200265 i 4500 | ||
|---|---|---|---|
| 001 | 000967188 | ||
| 003 | AM-YeHGA | ||
| 005 | 20250617150042.0 | ||
| 008 | 100423s2010 be 000 0 arm d | ||
| 020 | _a9789042920415 (pbk.) | ||
| 020 | _a9042920416 (pbk.) | ||
| 040 | _aAM-YeHGA | ||
| 041 | 0 |
_aarm _aeng |
|
| 100 | 1 | _aBurchard, Christoph. | |
| 245 | 1 | 2 |
_aA minor edition of the Armenian version of Joseph and Aseneth / _cby Christoph Burchard ; with an index of words by Joseph J.S. Weitenberg. |
| 260 |
_aLeuven : _bPeeters, _c2010. |
||
| 300 |
_a211 p. ; _c24 cm. |
||
| 490 | 1 |
_aHebrew University Armenian studies ; _v10 |
|
| 500 | _aIncludes English introduction. | ||
| 504 | _aIncludes bibliographical references and index. | ||
| 630 | 0 | 0 |
_aJoseph and Aseneth. _lArmenian. |
| 730 | 0 | 0 |
_aJoseph and Aseneth. _lArmenian. |
| 830 | 0 |
_aHebrew University Armenian studies ; _v10. |
|
| 090 | _c325319 | ||
| 999 |
_c323574 _d323574 |
||